Jeux vidéos de A-Z par image #7 - Statistiques

Statistiques générales
  • Ce quiz a été pris 727 fois
  • Le résultat moyen est 14 sur 26
Statistiques - réponses
Par images Hint Réponse % Correct
A ARK: Survival Evolved
97%
W Wii Sports
91%
C Crash Bandicoot
89%
P PUBG: Battlegrounds
88%
G Geometry Dash
87%
S Super Smash Bros.
84%
J Jurassic Park Survival
79%
H Hollow Knight
75%
M Mafia
74%
F Fallout
69%
Q Qui veut gagner des millions ?
67%
Y Yandere Simulator
59%
D Destiny
55%
O Ori and the Blind Forest
53%
T Terraria
52%
B Beat Saber
50%
N No Man's Sky
38%
K Kid Icarus
35%
I Infamous
32%
Z Zoo Tycoon
28%
V Verdun
27%
L Legends of Runeterra
19%
U Ultimate Chicken Horse
19%
E Eyeshield 21
13%
R Realm Royale
13%
X XERA: Survival
1%
Aucun quiz correspondant
Distribution des résultats
% des personnes avec chaque résultat
Percentile par nombre de réponses
Votre historique - résultats
Vous n’avez pas pris ce quiz